Resident Evil Village: General Knowledge - Statistics

General Stats
  • This quiz has been taken 76 times
  • The average score is 12 of 17
Answer Stats
Hint Answer % Correct
Protagonist/main character Ethan Winters
98%
Real identity of the guardian angel in the DLC Ethan Winters
98%
Antagonist/Main villain Mother Miranda
97%
The protagonist's daughter Rosemary Winters
95%
First lord (located in a castle) Alcina Dimitrescu
84%
The above's wife Mia Winters
84%
Fourth Lord (located in a factory) Karl Heisenberg
79%
What Piece of the protagonist's daughter does House Beneviento have? Leg Flask
78%
Second Lord (located in a house) Donnna Beneviento
67%
The merchant that sells resources to you in exchange for the currency above The Duke
67%
The average/regular enemy type found around the village Lycans
66%
Third Lord (located in a reservoir) Salvatore Moreau
60%
The country where the Village resides Romania
55%
The currency used in the Village Lei
48%
The name of the ORIGINAL source of the mold found in a cave by the antagonist Megamycete
41%
Name of the DLC where you play as the protagonist's daughter trying to cure her powers Shadows of Rose
36%
Name of the "Guardian Angel" that helps the protagonist's Daughter in the DLC Michael
31%
No matching quizzes found
Score Distribution
Percent of People with Each Score
Percentile by Number Answered
Your Score History
You have not taken this quiz